| 000 | 01186nab a2200217 i 4500 | ||
|---|---|---|---|
| 001 | BPP | ||
| 003 | BPK | ||
| 005 | 20160108091143.0 | ||
| 008 | 140529s1984 pl f |000 0 pol | ||
| 040 | _cBPK | ||
| 080 | _a621.9 | ||
| 100 |
_aWOŹNIAK, Kazimierz. _d1980 - 1989. _bWyższa Szkoła Inżynierska w Koszalinie - Wydział Mechaniczny, _cZakład Materiałoznawstwa i Obróbki Cieplnej |
||
| 245 |
_aMateriały magnetyczno-ścierne i ich zastosowanie / _cKazimierz Woźniak. |
||
| 260 | _c1984. | ||
| 500 | _aDane z autopsji. | ||
| 520 | _aMateriały magnetyczno-ścierne muszą charakteryzować się dobrymi własnościami ściernymi oraz dobrymi własnościami magnetycznymi, a w tym wysoką wartością przenikalności magnetycznej i wysokim punktem Curie.Otrzymane są one głównie metodami spiekania materiałów ściernych z proszkami żelaza. Jako materiały ścierne najlepsze są węgliki i borki metali przejściowych. | ||
| 650 | 0 | _aMateriały ścierne. | |
| 650 | 0 | _aMateriały magnetyczne. | |
| 773 |
_iW : _tZeszyty Naukowe Wyższej Szkoły Inżynierskiej w Koszalinie. Prace Wydziału Mechanicznego. - _g1984, nr 6 [21], s. 48-68 |
||
| 942 |
_cART _2UKD |
||
| 999 |
_c4480 _d4480 |
||